000 00900nas a2200289 4500
001 BR2013010300
003 BR-BrBNA
005 20231205123425.0
007 ta
008 230509b bl.|||p| |||| 00| 00por d
040 _aBR-BrBNA
_bpor
_cBiblioteca Nacional de Agricultura
041 _a(En)
072 _aM12
100 1 _aOliveira, I.B.
100 1 _aBicudo, C.E. de M.
100 1 _aMoura, C.W. do N.
245 1 _aNew records and rare taxa of Closterium and Spinoclosterium (Closteriaceae, Zygnematophyceae)to Bahia, Brazil
650 _aMICROALGA
650 _aCOMPOSIÇÃO BOTÂNICA
650 _aTAXONOMIA VEGETAL
650 _aREGISTRO
650 _aIDENTIFICAÇÃO
650 _aBAHIA
773 0 _tIheringia. Série Botânica (Brazil)
_xISSN 0073-4705
_g(Jun 2013), v. 68(1) p. 115-138
_wBR2013010300
909 _a202311
_bLúcia
_c55
_dLúcia Elande
942 _2AGRIS
_n0
_cANA
999 _c233805
_d233805